Applied mechanics (Record no. 189)
[ view plain ]
| 000 -LEADER | |
|---|---|
| fixed length control field | 00373cam a2200169ua 4500 |
| 041 ## - LANGUAGE CODE | |
| Language code of text/sound track or separate title | eng |
| 082 ## - DEWEY DECIMAL CLASSIFICATION NUMBER | |
| Classification number | 620.1 |
| Item number | HAN/AP |
| 100 ## - MAIN ENTRY--AUTHOR NAME | |
| Personal name | Hannah, John . |
| 245 ## - TITLE STATEMENT | |
| Title | Applied mechanics |
| 250 ## - EDITION STATEMENT | |
| Edition statement | 1 / |
| 260 ## - PUBLICATION, DISTRIBUTION, ETC. (IMPRINT) | |
| Place of publication | : |
| Name of publisher | Sir isaacpitman & sons Ltd , |
| Year of publication | 1962. |
| 300 ## - PHYSICAL DESCRIPTION | |
| Number of Pages | 398 ; . |
| 700 1# - ADDED ENTRY--PERSONAL NAME | |
| Personal name | Hillier, M . J . |
| 942 ## - ADDED ENTRY ELEMENTS (KOHA) | |
| Koha item type | Books |
| Withdrawn status | Lost status | Damaged status | Home library | Current library | Date acquired | Full call number | Accession Number | Koha item type |
|---|---|---|---|---|---|---|---|---|
| KAUAET | KAUAET | 07/04/2012 | 620.1 HAN/AP | 6051 | Books | |||
| Withdrawn | KAUAET | KAUAET | 02/02/2021 | 620.1 HAN/AP | 7948 | Books |
